000 00944nam a22002297a 4500
999 _c13049
_d13049
003 AR-CdUCM
008 190411b ||||| |||| 00| 0 spa d
040 _aMUNICIPALIDAD PROVINCIAL DEL CUSCO
_cBIBLIOTECA MUNICIPAL DEL CUSCO
082 _a800.71 /
_bJ61 / 1948
100 _aJiménez Borja, José
_917165
245 _aElocución y composición castellana :
_bfonética, etimología, semántica, composición /
260 _aLima :
_bLibr. e Impr. D. Miranda,
_c[1948].
300 _a160 páginas ;
_bIlustraciones,
_c21 cm.
505 _aContenido: La naturaleza del lenguaje -- Antigüedad de los estudios lingüísticos -- Valor social del lenguaje -- Valor psicológico del lenguaje -- Lingüística y gramática ...
650 _aLingüística
_91640
650 _aFonética
_911261
650 _aEtimología
_977
650 _aSemántica
_97092
650 _aComposición
_919519
942 _2ddc
_cLIBROS
945 _aacv
_d2019-04-11